| 000 | 00000cas 22000008i 4500 |
| 001 | 9.929870 |
| 003 | CaOODSP |
| 005 | 20251223101538 |
| 006 | m o d f |
| 007 | cr cn |||||||| |
| 008 | 231102c20239999oncar p o f0###b0fre|d |
| 022 | |a2817-8610 |
| 040 | |aCaOODSP|bfre|erda|cCaOODSP |
| 043 | |an-cn--- |
| 086 | 1 |aHP37-21/1F-PDF |
| 222 | 0|aSystème canadien de surveillance de la résistance aux antimicrobiens ... |b(Résume) |
| 245 | 00|aSystème canadien de surveillance de la résistance aux antimicrobiens (SCSRA) : |b… résumé et liens vers le plan d’action canadien sur la résistance aux antimicrobiens. |
| 246 | 3 |iLes livraisons de 2024- comportent le titre : |aSystème canadien de surveillance de la résistance aux antimicrobiens (SCSRA) ... principales conclusions |
| 264 | 1|a[Ottawa] : |bAgence de santé publique du Canada = Public Health Agency of Canada, |c[2023]- |
| 310 | |aAnnuel |
| 336 | |atexte|btxt|2rdacontent/fre |
| 337 | |ainformatique|bc|2rdamedia/fre |
| 338 | |aressource en ligne|bcr|2rdacarrier/fre |
| 362 | 1 |aParaît depuis : 2023. |
| 500 | |aPublié aussi en anglais sous le titre : Canadian antimicrobial resistance surveillance system : executive summary. |
| 588 | |aDescription d'après : 2023. |
| 588 | |aDernière livraison consultée : 2023. |
| 650 | 6|aMicro-organismes|xRésistance aux médicaments|zCanada|vPériodiques. |
| 650 | 6|aSanté publique|xSurveillance|zCanada|vPériodiques. |
| 655 | 7|aPériodiques|2rvmgf |
| 710 | 2 |aAgence de santé publique du Canada, |eorganisme de publication. |
| 775 | 08|tCanadian Antimicrobial Resistance Surveillance System (CARSS) : |w(CaOODSP)9.929869 |